Traité de l'expression musicale (Record no. 158256)

MARC details
000 -LEADER
campo de control de longitud fija 00845nam a22002055i 4500
001 - NÚMERO DE CONTROL
campo de control 158256
003 - IDENTIFICADOR DE NÚMERO DE CONTROL
campo de control ES-MaACL
005 - FECHA Y HORA DE LA ÚLTIMA TRANSACCIÓN
campo de control 20250823004925.0
008 - DATOS DE LONGITUD FIJA--INFORMACIÓN GENERAL
campo de control de longitud fija 981020s1874 fr |||| | fre d
040 ## - FUENTE DE CATALOGACIÓN
Centro catalogador/agencia de origen CCPB | B
Lengua de catalogación spa
Centro/agencia transcriptor CCPB | B
100 1# - ENTRADA PRINCIPAL--NOMBRE DE PERSONA
Nombre de persona Lussy, Mathis.
9 (RLIN) 129162
245 10 - MENCIÓN DEL TÍTULO
Título Traité de l'expression musicale
Resto del título : accents, nuances et mouvements dans la musique vocale et instrumentale /
Mención de responsabilidad, etc. par Mathis Lussy.
260 ## - PUBLICACIÓN, DISTRIBUCIÓN, ETC.
Lugar de publicación, distribución, etc. Paris :
Nombre del editor, distribuidor, etc. Heugel,
Fecha de publicación, distribución, etc. 1874 (
Lugar de fabricación/manufactura Nancy :
Fabricante Imprimerie erger-Levrault et C\pie\s)
300 ## - DESCRIPCIÓN FÍSICA
Extensión [6], 166 p. ;
Dimensiones 27 cm.
594 #1 - Nota al título y mención de responsabilidad
Nota al título y mención de responsabilidad Precede al tít.: "Médaille de Mérite a l'Exposition Universelle de Vienne 1873"
650 #7 - PUNTO DE ACCESO ADICIONAL DE MATERIA--TÉRMINO DE MATERIA
Término de materia o nombre geográfico como elemento de entrada Música
Fuente del encabezamiento o término embne
9 (RLIN) 15376
852 ## - LOCALIZACIÓN
Ubicación ES-MaACL
Número de control de estantería T-1383-F-2
Nota libre -- Enc. hol.
condición física -- Falto de la cub. original
Nota libre -- Enc. en un vol. facticio
942 ## - ELEMENTOS DE ENTRADA SECUNDARIOS (KOHA)
Fuente del sistema de clasificación o colocación Clasificación decimal universal
Holdings
Estatus retirado Estado de pérdida Fuente del sistema de clasificación o colocación Estado de daño No para préstamo Colección Biblioteca de origen Biblioteca actual Ubicación en estantería Fecha de adquisición Total de préstamos Signatura topográfica completa Código de barras Visto por última vez Precio de reemplazo Tipo de ítem Koha
    Clasificación decimal universal     Colección de folletos Biblioteca del Ateneo de Madrid Biblioteca del Ateneo de Madrid Depósito folletos 17/01/2008   T-1383-F-2 1165632 23/02/2023 23/02/2023 Folleto